| 000 | 00584mam a2200181 a 4500 | ||
|---|---|---|---|
| 020 | _a0070592411 | ||
| 082 | 0 | 0 |
_a620.11 _bSMI _cL-39, P-116 |
| 100 | 1 |
_aSmith, William F. _940774 |
|
| 245 | 1 | 0 |
_aPrinciples of materials science and engineering / _cWilliam F. Smith. |
| 250 | _a3rd ed. | ||
| 260 |
_aNew York : _bMcGraw-Hill, _cc1996. |
||
| 300 |
_axv, 892 p. : _bill. (some col.) ; _c25 cm. |
||
| 490 | 1 | _aMcGraw-Hill series in materials science and engineering | |
| 526 |
_a0 _b0 _c0 _d620_110000000000000_SMI |
||
| 650 | 0 |
_aMaterials. _91466 |
|
| 650 | 0 |
_aMCE _9379 |
|
| 942 |
_2ddc _cBK |
||
| 999 |
_c545021 _d545021 |
||